| 000 | 00393nam a22001337a 4500 | ||
|---|---|---|---|
| 003 | SGT | ||
| 082 |
_a617.643 _bE25S |
||
| 100 | _aShokeen, Ashi | ||
| 245 |
_aEvaluation of stress distribution in maxilla and mandible using fixed functional appliances _bA finite element study |
||
| 260 |
_aGurugram, Haryana _bSGT University _c2025 |
||
| 300 | _a123 | ||
| 650 | _aOrthodontics | ||
| 942 |
_2ddc _cTH |
||
| 999 |
_c32073 _d32073 |
||